Remoción de trihalometanos como subproductos del proceso de desinfección utilizando coagulación mejorada en la planta potabilizadora de Juigalpa

El presente trabajo tuvo como objetivo remover tihalometanos como subproductos del proceso de desinfección en la planta potabilizadora de la ciudad de Juigalpa, Chontales, basándose en la técnica de coagulación mejorada la que refuerza la eliminación de los procesos de este carcinógeno humano....

Full description

Bibliographic Details
Main Authors: Mendoza Chavarría, Claudia Emilia, Morazán Santamaría, Eleonora Eveling
Other Authors: Tutor: García Granados, Indiana
Format: Tesis Section = Libro
Language:Undetermined
Spanish
Published: Managua UNI 2003
Subjects:
LEADER 01506nam a2200277Ia 4500
008 240830s9999 xx 000 0 und d
040 |a BIBLIOTECA-RUSB/ Mon 628.1662 M539 
041 |a spa 
082 |a Mon 628.1662 M539 
100 1 |a Mendoza Chavarría, Claudia Emilia 
100 1 |b Morazán Santamaría, Eleonora Eveling 
245 1 0 |a Remoción de trihalometanos como subproductos del proceso de desinfección utilizando coagulación mejorada en la planta potabilizadora de Juigalpa 
260 |a Managua  |b UNI  |c 2003 
300 |a 143 p. :il. 
500 |a Contiene: anexos. 
502 |a Tesis (Ingeniero Químico) - UNI, 2003. 
520 3 |a El presente trabajo tuvo como objetivo remover tihalometanos como subproductos del proceso de desinfección en la planta potabilizadora de la ciudad de Juigalpa, Chontales, basándose en la técnica de coagulación mejorada la que refuerza la eliminación de los procesos de este carcinógeno humano. Se determinó la calidad del agua en cada etapa principal de tratamiento de la planta (entrada, sedimentación, desinfección para conocer el comportamiento y la tendencia de cada parámetro en todo el proceso. 
650 7 |a DESINFECCION - PLANTA POTABILIZADORA - JUIGALPA 
650 7 |b  COAGULACION MEJORADA 
650 7 |c  CALIDAD DEL AGUA 
650 7 |d  TRATAMIENTO PARA ABASTECIMIENTO DE AGUA - JUIGALPA 
650 7 |e  SEDIMENTACION 
700 1 |a Tutor:  |b García Granados, Indiana 
942 |c BK  |2 ddc 
991 |a TESIS 
999 |c 20448